000 00341nam a2200145Ia 4500
003 OSt
005 20231214100128.0
008 170524s9999 xx 000 0 und d
020 _a8171324517
040 _cIIMT UNIVERSITY
100 _aJENA- MENA CISA
245 0 _aWOMEN IN WORLD JOURNALISM
260 _bPOINTER : JAIPUR
942 _2ddc
_c01
999 _c9085
_d9085